000 00337nam a2200133 i 4500
001 bg
100 1 _aRILIŃSKI, Antoni
245 0 _aPrzemysłowe procesy realizacji :
_bpodstawy teorii /
_cAntoni Riliński.
260 _aWarszawa,
_c1976.
040 _cBPK
041 _apol
942 _cKS
008 s pl f |000 0 pol
999 _c17186
_d17186
856 _uhttp://koha.tu.koszalin.pl/cgi-bin/koha/opac-detail.pl?biblionumber=17186
_yKatalog online BPK